| 000 | 00896nam a22002297a 4500 | ||
|---|---|---|---|
| 999 |
_c7892 _d7892 |
||
| 003 | AR-CdUCM | ||
| 008 | 190321b ||||| |||| 00| 0 spa d | ||
| 040 |
_aMUNICIPALIDAD PROVINCIAL DEL CUSCO _cBIBLIOTECA MUNICIPAL DEL CUSCO |
||
| 082 |
_a614.98 / _bSA16 |
||
| 100 |
_aSalazar, Carlos _922312 |
||
| 245 | _aSalud tarea de todos / | ||
| 260 |
_aLima : _bVisual service, _c1989. |
||
| 300 |
_a215 paginas ; _bCuadros, _c20 cm. |
||
| 440 |
_aSerie experiencias de desarrollo popular _n9 _922313 |
||
| 505 | _aContenido : La ONGD y su trabajo en salud -- Enfoques específicos experiencias por distritos en la ciudad de Lima -- Sistematización de una experiencia en salud -- Promocion de la salud popular... | ||
| 650 |
_aMedicina _93637 |
||
| 650 |
_aSalud popular _922314 |
||
| 650 |
_aBienestar social _96974 |
||
| 700 |
_aYglesias, Arturo _922315 |
||
| 942 |
_2ddc _cLIBROS |
||
| 945 | _awnts | ||